LEADER 02412nam 22006014a 450 001 9910449827303321 005 20200520144314.0 010 $a1-280-44731-1 010 $a9786610447312 010 $a0-309-65676-1 035 $a(CKB)1000000000245175 035 $a(SSID)ssj0000176994 035 $a(PQKBManifestationID)11201795 035 $a(PQKBTitleCode)TC0000176994 035 $a(PQKBWorkID)10209318 035 $a(PQKB)11644667 035 $a(MiAaPQ)EBC3378073 035 $a(Au-PeEL)EBL3378073 035 $a(CaPaEBR)ebr10120662 035 $a(CaONFJC)MIL44731 035 $a(OCoLC)923275263 035 $a(EXLCZ)991000000000245175 100 $a20051216d2006 uy 0 101 0 $aeng 135 $aurcn||||||||| 181 $ctxt 182 $cc 183 $acr 200 04$aThe impact of globalization on infectious disease emergence and control$b[electronic resource] $eexploring the consequences and opportunities : workshop summary /$fStacey Knobler, Adel Mahmoud, Stanley Lemon, editors ; Forum on Microbial Threats ; Board on Global Health 210 $aWashington, DC $cNational Academies Press$dc2006 215 $axv, 227 p. $cill., maps 300 $aBibliographic Level Mode of Issuance: Monograph 311 $a0-309-10098-4 320 $aIncludes bibliographical references. 327 $aA world in motion: the global movement of people, products, pathogens, and power -- Examining the consequences: a changing landscape -- The global application of knowledge, tools, and technology: opportunities and obstacles -- Creating a framwork for progress. 606 $aCommunicable diseases$xPrevention$vCongresses 606 $aCommunicable diseases$xPrevention$vCase studies$vCongresses 608 $aElectronic books. 615 0$aCommunicable diseases$xPrevention 615 0$aCommunicable diseases$xPrevention 676 $a362.196/9 701 $aKnobler$b Stacey$0885627 701 $aMahmoud$b Adel A. F$0101473 701 $aLemon$b Stanley M$0885907 712 02$aInstitute of Medicine (U.S.).$bForum on Microbial Threats. 712 02$aInstitute of Medicine (U.S.).$bBoard on Global Health. 801 0$bMiAaPQ 801 1$bMiAaPQ 801 2$bMiAaPQ 906 $aBOOK 912 $a9910449827303321 996 $aThe impact of globalization on infectious disease emergence and control$92490772 997 $aUNINA LEADER 00810nam0-2200289 --450 001 9910840500403321 005 20240321092301.0 010 $a9791220600156 100 $a20240321d2022----kmuy0itay5050 ba 101 0 $aita 102 $aIT 105 $ay 001yy 200 1 $aSolidarietà sociale$fEmiliana Mangone 210 $aMilano$cMondadori Università$d2022 215 $aVI, 153 p.$d21 cm 225 1 $aLessico democratico$v18 320 $aContiene bibl. (pp. 133-150) 610 $aSolidarietà sociale 676 $a302.4$v22$zita 700 1$aMangone,$bEmiliana$0151468 801 0$aIT$bUNINA$gREICAT$2UNIMARC 901 $aBK 912 $a9910840500403321 952 $aCOLLEZ. 3175 (18)$b1107/2024$fFSPBC 959 $aFSPBC 996 $aSolidarietà sociale$93041604 997 $aUNINA